Sword art Online - Mort subite - Statistiques

Statistiques générales
  • Ce quiz a été pris 483 fois
  • Le résultat moyen est 10 sur 15
Answers on the Grid
Answers color-coded by a green-red scale on the quiz's grid according to % correct below.
Klein
Yui
Shoto Todoroki
Sinon
Saitama
Kimimaro
Eugeo
Erza Scarlet
Killua Zoldyck
Akane Tsunemori
Asuna Yuuki
Holo
Chudelkin
Makunouchi Ippo
Bercouli
Alice Zuberg
Death Gun
Yuki
Takemichi
Kazuto Kirigaya
Rider
Silica
Quinella
Lisbeth
Agil
 
Statistiques - réponses
Réponse % Correct
Klein
87%
Yui
86%
Asuna Yuuki
83%
Sinon
75%
Lisbeth
74%
Death Gun
73%
Kazuto Kirigaya
73%
Yuki
70%
Eugeo
69%
Agil
67%
Silica
67%
Alice Zuberg
65%
Bercouli
46%
Quinella
41%
Chudelkin
31%
Aucun quiz correspondant
Distribution des résultats
% des personnes avec chaque résultat
Percentile par nombre de réponses
Votre historique - résultats
Vous n’avez pas pris ce quiz